| 000 | 00736nam a2200253 a 4500 | ||
|---|---|---|---|
| 001 | adlib96000001 | ||
| 003 | ViArRB | ||
| 005 | 200902210153555.7 | ||
| 008 | 960221s1955 dcuabcdjdbkoqu001 0deng d | ||
| 020 | _a81-7648-088-6 | ||
| 022 | _a | ||
| 040 | _aAdlib | ||
| 082 | _a03(092)(540) | ||
| 245 | _aEncyclopaedia of the Indian biography: S | ||
| 250 | _a | ||
| 260 |
_aNew Delhi _bA.P.H. _c2000 |
||
| 300 |
_axxvi,537p. _c |
||
| 500 | _a 8 vol. | ||
| 100 |
_aSingh, Nagendra Kr. _eEditor |
||
| 700 |
_a _a |
||
| 942 | _cBK | ||
| 653 |
_aEncyclopaedias - Biography _aIndian Biography - Encyclopaedias |
||
| 952 |
_w2010-06-16 _p00046624 _r2010-06-16 _40 _00 _bUL _10 _o03(092)(540) SIN.7 _d2010-06-16 _70 _yBK _aUL |
||
| 999 |
_c41813 _d41812 |
||